[Event "BL2-Nord 2122"]
[Site "Germany"]
[Date "2022.03.05"]
[Round "1.5"]
[White "Kopylov, Michael"]
[Black "Gazic, Josip"]
[Result "1/2-1/2"]
[WhiteElo "2379"]
[BlackElo "2150"]
[PlyCount "43"]
[EventDate "2022.03.05"]
[EventType "team-tourn"]
[EventRounds "10"]
[EventCountry "GER"]
[SourceTitle "EXT 2023"]
[Source "ChessBase"]
[SourceDate "2022.10.05"]
[SourceVersion "1"]
[SourceVersionDate "2022.10.05"]
[SourceQuality "1"]
[WhiteTeam "Norderstedt"]
[BlackTeam "Lingen"]
[WhiteTeamCountry "GER"]
[BlackTeamCountry "GER"]

1. d4 e6 2. g3 d5 3. Bg2 Nf6 4. Nf3 Nc6 5. 0-0 Ne4 6. c4 Be7 7. Nc3 0-0 8. Bf4 Nxc3 9. bxc3 dxc4 10. Qa4 Bd7 11. Qxc4 Rc8 12. Qd3 f6 13. Rfd1 Na5 14. Bh3 Bd6 15. Bd2 b5 16. a4 bxa4 17. c4 Nb3 18. Ra2 Nxd2 19. Nxd2 Bb4 20. c5 Rb8 21. d5 Bxc5 22. Qc4 1/2-1/2

[Event "Werther Schloss op 25th"]
[Site "Werther"]
[Date "2019.04.13"]
[Round "4"]
[White "Carlstedt, Jonathan"]
[Black "Gazic, Josip"]
[Result "1-0"]
[WhiteElo "2433"]
[BlackElo "2157"]
[PlyCount "67"]
[EventDate "2019.04.11"]
[EventType "swiss"]
[EventRounds "7"]
[EventCountry "GER"]
[SourceTitle "CBM 189 Extra"]
[Source "ChessBase"]
[SourceDate "2019.06.03"]
[SourceVersion "1"]
[SourceVersionDate "2019.06.03"]
[SourceQuality "1"]

1. d4 g6 2. Bf4 Bg7 3. e3 d6 4. Nf3 Bg4 5. Bc4 Nf6 6. h3 Bxf3 7. Qxf3 c6 8. Nc3 0-0 9. 0-0 Nbd7 10. Rad1 b5 11. Bb3 Qb6 12. e4 c5 13. e5 c4 14. exf6 Nxf6 15. Bg5 cxb3 16. axb3 Rac8 17. Bxf6 Bxf6 18. Nd5 Qd8 19. Nxf6+ exf6 20. c3 d5 21. b4 Re8 22. Ra1 Re6 23. Rxa7 Ra8 24. Ra5 Rxa5 25. bxa5 Qxa5 26. Qxd5 Re2 27. b4 Qa4 28. Qc6 Kg7 29. d5 Rc2 30. d6 Qxb4 31. d7 Qa5 32. Qd6 Qd8 33. Re1 Rxc3 34. Re8 1-0

[Event "Oberliga Nord W 1718"]
[Site "Germany"]
[Date "2017.12.10"]
[Round "4.7"]
[White "Gazic, Josip"]
[Black "Wachinger, Nikolas"]
[Result "0-1"]
[WhiteElo "2217"]
[BlackElo "2290"]
[PlyCount "98"]
[EventDate "2017.10.08"]
[EventType "team-tourn"]
[EventRounds "9"]
[EventCountry "GER"]
[SourceTitle "EXT 2019"]
[Source "ChessBase"]
[SourceDate "2018.10.10"]
[SourceVersion "1"]
[SourceVersionDate "2018.10.10"]
[SourceQuality "1"]
[WhiteTeam "Lingen"]
[BlackTeam "Werder Bremen III"]
[WhiteTeamCountry "GER"]
[BlackTeamCountry "GER"]

1. e4 c5 2. Nc3 a6 3. Bc4 e6 4. a4 Nc6 5. Nf3 Nf6 6. Qe2 d6 7. 0-0 Be7 8. d3 0-0 9. h3 h6 10. Bd2 Re8 11. Ba2 b6 12. Bb1 Bb7 13. Nd1 d5 14. c3 e5 15. Ne3 Bf8 16. Nf5 Qd7 17. Bc2 Rad8 18. Rad1 Qe6 19. Bc1 b5 20. axb5 axb5 21. Nh2 Ne7 22. Nxe7+ Rxe7 23. Ng4 Nxg4 24. hxg4 Red7 25. f3 d4 26. cxd4 Rxd4 27. Be3 R4d7 28. Rd2 Ra8 29. Rc1 Ra5 30. Qd1 Rc7 31. Bb3 Qb6 32. Rdc2 Bc8 33. Bd5 b4 34. b3 Be6 35. Bc4 Ra3 36. Rd2 Ra5 37. Qc2 Rca7 38. Qb2 Qd6 39. Kf2 Be7 40. Ke2 Bg5 41. Bxe6 Qxe6 42. Bxg5 hxg5 43. Rc4 f5 44. Rdc2 Qd6 45. Qc1 Ra2 46. Qe3 Rxc2+ 47. Rxc2 Ra5 48. g3 Kf7 49. Qg1 Qa6 0-1

[Event "Oberliga Nord W 1718"]
[Site "Germany"]
[Date "2017.11.12"]
[Round "3.6"]
[White "Gazic, Josip"]
[Black "Markgraf, Stefan"]
[Result "1-0"]
[WhiteElo "2217"]
[BlackElo "2088"]
[PlyCount "139"]
[EventDate "2017.10.08"]
[EventType "team-tourn"]
[EventRounds "9"]
[EventCountry "GER"]
[SourceTitle "EXT 2019"]
[Source "ChessBase"]
[SourceDate "2018.10.10"]
[SourceVersion "1"]
[SourceVersionDate "2018.10.10"]
[SourceQuality "1"]
[WhiteTeam "Lingen"]
[BlackTeam "Goettingen Tempo"]
[WhiteTeamCountry "GER"]
[BlackTeamCountry "GER"]

1. e4 e5 2. Bc4 Nc6 3. Nc3 Nf6 4. d3 d6 5. Nge2 Be6 6. 0-0 d5 7. exd5 Nxd5 8. Bb5 Qd7 9. Nxd5 Bxd5 10. c4 Be6 11. d4 a6 12. Bxc6 bxc6 13. b3 Bd6 14. Bb2 exd4 15. Nxd4 0-0 16. Nxe6 Qxe6 17. Qd4 Qh6 18. g3 f6 19. c5 Be5 20. Qc4+ Kh8 21. Bxe5 fxe5 22. Rae1 Rf5 23. Re2 Raf8 24. Qxa6 Rh5 25. f3 Rhf5 26. Qd3 Qf6 27. Re4 Rd8 28. Qe3 h6 29. a4 Rd5 30. b4 Qd8 31. f4 Rd3 32. Qe2 Rd2 33. Qc4 Rh5 34. Re2 Rxe2 35. Qxe2 Qd4+ 36. Kg2 Qd5+ 37. Qf3 e4 38. Qe2 Rf5 39. Rd1 Qe6 40. Rd8+ Kh7 41. Rd4 e3 42. Kf3 Rd5 43. Qxe3 Qg6 44. g4 Qf6 45. Qe4+ Kh8 46. Rxd5 cxd5 47. Qxd5 Qc3+ 48. Ke4 Qxb4+ 49. Qd4 Qe1+ 50. Kf5 Qe7 51. g5 Qf7+ 52. Ke4 Qe6+ 53. Qe5 Qc4+ 54. Kf5 Qf7+ 55. Kg4 Qd7+ 56. Kh5 hxg5 57. fxg5 Qf7+ 58. g6 Qf3+ 59. Kh4 Qf2+ 60. Kg4 Qg2+ 61. Qg3 Qe2+ 62. Kf5 Qf1+ 63. Ke6 Qc4+ 64. Kd7 Qd5+ 65. Kc8 Qf5+ 66. Kb7 Qe4+ 67. c6 Qb4+ 68. Kxc7 Qa5+ 69. Kc8 Qf5+ 70. Kb7 1-0

[Event "Oberliga Nord W 1718"]
[Site "Germany"]
[Date "2017.10.08"]
[Round "1.5"]
[White "Hoerstmann, Rudi"]
[Black "Gazic, Josip"]
[Result "0-1"]
[WhiteElo "2227"]
[BlackElo "2217"]
[PlyCount "144"]
[EventDate "2017.10.08"]
[EventType "team-tourn"]
[EventRounds "9"]
[EventCountry "GER"]
[SourceTitle "EXT 2019"]
[Source "ChessBase"]
[SourceDate "2018.10.10"]
[SourceVersion "1"]
[SourceVersionDate "2018.10.10"]
[SourceQuality "1"]
[WhiteTeam "Liste Turm"]
[BlackTeam "Lingen"]
[WhiteTeamCountry "GER"]
[BlackTeamCountry "GER"]

1. d4 d5 2. c4 Nf6 3. cxd5 Qxd5 4. Nc3 Qa5 5. Nf3 Bg4 6. Ne5 Be6 7. e3 Nbd7 8. Nc4 Bxc4 9. Bxc4 e6 10. 0-0 c6 11. e4 Nb6 12. Bd3 Qb4 13. Ne2 Rd8 14. Qc2 Qa4 15. b3 Qa5 16. h3 g6 17. a3 Nbd7 18. Bf4 Rc8 19. b4 Qd8 20. Qd2 Bg7 21. Nc1 0-0 22. Nb3 Ne8 23. Bg5 Bf6 24. Bh6 Bg7 25. Bxg7 Nxg7 26. Rad1 Qe7 27. Qe3 b6 28. Rc1 a5 29. Qd2 a4 30. Na1 e5 31. Ba6 Rc7 32. d5 Qd6 33. Qc2 c5 34. Bb5 f5 35. Qxa4 Nf6 36. exf5 Nxf5 37. bxc5 Rxc5 38. Rxc5 bxc5 39. Nc2 Nxd5 40. Bc4 Kh8 41. Qa6 Nb6 42. Rb1 Rf6 43. Bf1 Kg7 44. a4 Nh4 45. Ne3 h5 46. Qb7+ Kh6 47. Rd1 Qf8 48. a5 Rxf2 49. axb6 Qf4 50. Rd3 e4 51. Rb3 Rd2 52. Qc7 Qf2+ 53. Kh1 Rd1 54. Qh2 Nf5 55. Nxf5+ Qxf5 56. Qg1 Rxf1 57. b7 Qf2 58. Qxf1 Qxf1+ 59. Kh2 Qf4+ 60. Kg1 Qb8 61. Kf2 c4 62. Rb5 c3 63. Ke3 Qg3+ 64. Kxe4 Qxg2+ 65. Kd4 Qd2+ 66. Kc5 c2 67. b8Q c1Q+ 68. Kb6 Qd4+ 69. Ka6 Qc6+ 70. Ka5 Qa1+ 71. Kb4 Qac3+ 72. Ka4 Qa6+ 0-1

[Event "Werther Schloss op 22nd"]
[Site "Werther"]
[Date "2016.03.19"]
[Round "5"]
[White "Gazic, Josip"]
[Black "Schuh, Dirk"]
[Result "1-0"]
[WhiteElo "2267"]
[BlackElo "2372"]
[PlyCount "102"]
[EventDate "2016.03.17"]
[EventType "swiss"]
[EventRounds "7"]
[EventCountry "GER"]
[SourceTitle "CBM 171 Extra"]
[Source "ChessBase"]
[SourceDate "2016.04.26"]
[SourceVersion "1"]
[SourceVersionDate "2016.04.26"]
[SourceQuality "1"]

1. Nf3 d5 2. d4 Nf6 3. Bf4 e6 4. e3 Bd6 5. Bxd6 cxd6 6. c3 0-0 7. Nbd2 Nc6 8. Be2 e5 9. h3 Bf5 10. 0-0 Qd7 11. Nh2 e4 12. Re1 Ne7 13. Ndf1 Ng6 14. Ng3 Be6 15. Bf1 Ne8 16. f4 exf3 17. Nxf3 f5 18. Ng5 Nf6 19. Bd3 Ne7 20. Qb3 Rab8 21. Nxe6 Qxe6 22. e4 f4 23. exd5 Qd7 24. Bb5 Qd8 25. Ne4 f3 26. Ng5 f2+ 27. Kxf2 Ne4+ 28. Kg1 Nxg5 29. h4 Nf7 30. Bd3 Nh6 31. Qc2 Nef5 32. Rf1 g6 33. Rf4 Nxh4 34. Qd2 Rxf4 35. Qxf4 N4f5 36. Re1 Qh4 37. Qxh4 Nxh4 38. Re6 Nf7 39. c4 Kf8 40. c5 Rc8 41. b4 Nf5 42. Bxf5 gxf5 43. Rf6 Ke7 44. Rxf5 Rg8 45. Rf3 Rg4 46. Re3+ Kd8 47. c6 bxc6 48. dxc6 Ng5 49. Ra3 Ne6 50. d5 Nc7 51. Rxa7 Rxb4 1-0

[Event "Werther Schloss op 22nd"]
[Site "Werther"]
[Date "2016.03.18"]
[Round "2"]
[White "Altenbernd, Jannis Domenik"]
[Black "Gazic, Josip"]
[Result "0-1"]
[WhiteElo "2033"]
[BlackElo "2267"]
[PlyCount "78"]
[EventDate "2016.03.17"]
[EventType "swiss"]
[EventRounds "7"]
[EventCountry "GER"]
[SourceTitle "CBM 171 Extra"]
[Source "ChessBase"]
[SourceDate "2016.04.26"]
[SourceVersion "1"]
[SourceVersionDate "2016.04.26"]
[SourceQuality "1"]

1. d4 c5 2. Nf3 cxd4 3. Nxd4 Nf6 4. g3 d5 5. Bg2 e5 6. Nb3 Nc6 7. 0-0 Be6 8. Bg5 Qd7 9. Bxf6 gxf6 10. Nc3 0-0-0 11. Re1 f5 12. e3 h5 13. Nd2 h4 14. Nf1 f6 15. Ne2 Bc5 16. c3 hxg3 17. hxg3 f4 18. Nxf4 exf4 19. exf4 Bh3 20. Qf3 d4 21. b4 Bb6 22. b5 Na5 23. cxd4 Bxg2 24. Rac1+ Kb8 25. Qxg2 Bxd4 26. Ne3 Qxb5 27. Rb1 Qa4 28. Nf5 Bb6 29. Rb2 Rd1 30. Qf1 Qc6 31. Nh4 Rxe1 32. Qxe1 Nc4 33. Re2 Rd8 34. Re6 Rd1 35. Qxd1 Qxe6 36. Nf3 a6 37. Qc2 Ka7 38. f5 Qd5 39. Qb3 Qxf5 0-1

[Event "Lueneburg IM"]
[Site "Lueneburg"]
[Date "2013.07.20"]
[Round "6"]
[White "Fries Nielsen, Jens Ove"]
[Black "Gazic, Josip"]
[Result "1-0"]
[WhiteElo "2381"]
[BlackElo "2289"]
[PlyCount "53"]
[EventDate "2013.07.15"]
[EventType "tourn"]
[EventRounds "9"]
[EventCountry "GER"]
[SourceTitle "CBM 155 Extra"]
[Source "ChessBase"]
[SourceDate "2013.08.26"]
[SourceVersion "1"]
[SourceVersionDate "2013.08.26"]
[SourceQuality "1"]

1. d4 c5 2. dxc5 Na6 3. e4 Nxc5 4. Nc3 d6 5. Be3 Ne6 6. f4 Bd7 7. f5 Nc7 8. Nf3 Nf6 9. e5 Ng4 10. Bxa7 Rxa7 11. Qd4 Ra5 12. Qxg4 dxe5 13. 0-0-0 e6 14. Bd3 Qf6 15. fxe6 Bxe6 16. Qe4 g6 17. Qxb7 Bh6+ 18. Kb1 0-0 19. Qxc7 Raa8 20. a4 Bg7 21. Be4 Rfc8 22. Qd6 Rd8 23. Nd5 Bxd5 24. Qxf6 Ba2+ 25. Kxa2 Rxa4+ 26. Kb3 Rb8+ 27. Kxa4 1-0

[Event "Lueneburg op"]
[Site "Lueneburg"]
[Date "2013.07.19"]
[Round "5"]
[White "Chatalbashev, Boris"]
[Black "Gazic, Josip"]
[Result "1-0"]
[WhiteElo "2560"]
[BlackElo "2289"]
[PlyCount "51"]
[EventDate "2013.07.15"]
[EventType "swiss"]
[EventRounds "7"]
[EventCountry "GER"]
[SourceTitle "CBM 155 Extra"]
[Source "ChessBase"]
[SourceDate "2013.08.26"]
[SourceVersion "1"]
[SourceVersionDate "2013.08.26"]
[SourceQuality "1"]

1. d4 g6 2. e4 Bg7 3. Nc3 d6 4. Be3 Nf6 5. Qd2 Ng4 6. Bg5 h6 7. Bh4 c6 8. h3 Nf6 9. f4 b5 10. Bd3 b4 11. Nce2 Qb6 12. Nf3 Ba6 13. e5 Nd5 14. c4 bxc3 15. bxc3 dxe5 16. Rb1 Qa5 17. fxe5 e6 18. c4 Qxd2+ 19. Kxd2 Ne7 20. Nc3 Nf5 21. Ne4 Nxh4 22. Nd6+ Ke7 23. Nxh4 g5 24. Rhf1 Bxe5 25. dxe5 Rf8 26. Rxf7+ 1-0

[Event "Lueneburg IM"]
[Site "Lueneburg"]
[Date "2013.07.19"]
[Round "5"]
[White "Gazic, Josip"]
[Black "Hinrichs, Jan"]
[Result "1-0"]
[WhiteElo "2289"]
[BlackElo "2072"]
[PlyCount "63"]
[EventDate "2013.07.15"]
[EventType "tourn"]
[EventRounds "9"]
[EventCountry "GER"]
[SourceTitle "CBM 155 Extra"]
[Source "ChessBase"]
[SourceDate "2013.08.26"]
[SourceVersion "1"]
[SourceVersionDate "2013.08.26"]
[SourceQuality "1"]

1. Nf3 c5 2. g3 d5 3. Bg2 g6 4. c4 d4 5. b4 cxb4 6. Qa4+ Bd7 7. Qxb4 Nc6 8. Qb2 Bg7 9. Na3 Qb8 10. Rb1 b6 11. 0-0 e5 12. e3 Nge7 13. exd4 exd4 14. d3 0-0 15. Bf4 Qd8 16. Rfe1 Bf5 17. Qd2 f6 18. Nb5 Qd7 19. Bd6 Rad8 20. Nfxd4 a6 21. Nxf5 Qxf5 22. Bxe7 Nxe7 23. Rxe7 axb5 24. Rxb5 Qxd3 25. Bd5+ Rxd5 26. Rxd5 Qxd2 27. Rxd2 f5 28. Rb7 Bc3 29. Rdd7 g5 30. Rxb6 f4 31. Rb3 Bf6 32. g4 1-0

[Event "Lueneburg IM"]
[Site "Lueneburg"]
[Date "2013.07.15"]
[Round "1"]
[White "Bach, Matthias"]
[Black "Gazic, Josip"]
[Result "0-1"]
[WhiteElo "2251"]
[BlackElo "2289"]
[PlyCount "52"]
[EventDate "2013.07.15"]
[EventType "tourn"]
[EventRounds "9"]
[EventCountry "GER"]
[SourceTitle "CBM 155 Extra"]
[Source "ChessBase"]
[SourceDate "2013.08.26"]
[SourceVersion "1"]
[SourceVersionDate "2013.08.26"]
[SourceQuality "1"]

1. c4 g6 2. d4 Bg7 3. f4 c5 4. d5 d6 5. e4 e5 6. dxe6 Bxe6 7. Bd3 Qh4+ 8. g3 Qe7 9. Nf3 Nc6 10. Nc3 0-0-0 11. Be3 Nf6 12. Qd2 Nb4 13. a3 Nxd3+ 14. Qxd3 Bd7 15. 0-0-0 Bc6 16. Rhe1 Nxe4 17. Bd4 f5 18. Bxg7 Qxg7 19. Ng5 Nf2 20. Qd2 Nxd1 21. Qxd1 Rd7 22. Nd5 h6 23. Ne6 Qf7 24. Re3 Re8 25. Qe1 Rde7 26. Nxe7+ Rxe7 0-1

[Event "Maastricht Limburg op-A 7th"]
[Site "Maastricht"]
[Date "2013.05.20"]
[Round "6"]
[White "Surewaard, Wilbert"]
[Black "Gazic, Josip"]
[Result "0-1"]
[WhiteElo "2158"]
[BlackElo "2292"]
[PlyCount "67"]
[EventDate "2013.05.17"]
[EventType "swiss"]
[EventRounds "7"]
[EventCountry "NED"]
[SourceTitle "EXT 2014"]
[Source "ChessBase"]
[SourceDate "2013.11.20"]
[SourceVersion "1"]
[SourceVersionDate "2013.11.20"]
[SourceQuality "1"]

1. d4 Nf6 2. Nf3 g6 3. g3 Bg7 4. Bg2 0-0 5. 0-0 c5 6. d5 d6 7. Nc3 a6 8. a4 a5 9. Re1 Nbd7 10. h3 Nb6 11. e4 Nfd7 12. Qd3 c4 13. Qe3 Nc5 14. Nd4 Bd7 15. f4 Nbxa4 16. Nxa4 Bxa4 17. e5 Qb6 18. Kh2 Be8 19. h4 Nd7 20. Nf3 Qxe3 21. Rxe3 a4 22. Bd2 Nb6 23. Ng5 h6 24. Nh3 Bd7 25. Nf2 Bf5 26. Rc1 dxe5 27. fxe5 Rfd8 28. g4 Bc8 29. d6 exd6 30. exd6 Bxb2 31. Rb1 a3 32. d7 Nxd7 33. Re2 a2 34. Rxb2 0-1

[Event "Maastricht Limburg op-A 7th"]
[Site "Maastricht"]
[Date "2013.05.18"]
[Round "2"]
[White "Shchekachev, Andrei"]
[Black "Gazic, Josip"]
[Result "1-0"]
[WhiteElo "2521"]
[BlackElo "2292"]
[PlyCount "71"]
[EventDate "2013.05.17"]
[EventType "swiss"]
[EventRounds "7"]
[EventCountry "NED"]
[SourceTitle "CBM 154 Extra"]
[Source "ChessBase"]
[SourceDate "2013.06.25"]
[SourceVersion "2"]
[SourceVersionDate "2013.06.25"]
[SourceQuality "1"]

1. e4 d6 2. d4 Nf6 3. Bd3 Nc6 4. c3 e5 5. Nf3 Be7 6. d5 Nb8 7. c4 Nbd7 8. Nc3 0-0 9. h3 c6 10. Be3 Qa5 11. Nd2 Nc5 12. Bc2 cxd5 13. exd5 a6 14. a3 Qc7 15. 0-0 b6 16. Rc1 Bb7 17. b4 Ncd7 18. Bb3 Rac8 19. Nf3 Qb8 20. Nh4 g6 21. Nf3 b5 22. cxb5 axb5 23. Qe2 Qa8 24. Nxb5 Nxd5 25. Bxd5 Bxd5 26. Nc7 Bxf3 27. Qxf3 Qxf3 28. gxf3 Bd8 29. Nb5 Be7 30. Na7 Rxc1 31. Rxc1 d5 32. Rc7 Rd8 33. Nc6 Bd6 34. Rb7 d4 35. Nxd8 dxe3 36. fxe3 1-0

[Event "Werther Schloss op 19th"]
[Site "Werther"]
[Date "2013.03.23"]
[Round "4"]
[White "Hilverda, Alexander"]
[Black "Gazic, Josip"]
[Result "1/2-1/2"]
[WhiteElo "2321"]
[BlackElo "2283"]
[PlyCount "57"]
[EventDate "2013.03.22"]
[EventType "swiss"]
[EventRounds "7"]
[EventCountry "GER"]
[SourceTitle "CBM 153 Extra"]
[Source "ChessBase"]
[SourceDate "2013.04.22"]
[SourceVersion "1"]
[SourceVersionDate "2013.04.22"]
[SourceQuality "1"]

1. d4 e6 2. c4 d5 3. Nc3 Nf6 4. cxd5 Nxd5 5. e4 Nxc3 6. bxc3 c5 7. Nf3 cxd4 8. cxd4 Nc6 9. Bc4 Bb4+ 10. Bd2 Qa5 11. Rb1 Bxd2+ 12. Qxd2 Qxd2+ 13. Kxd2 Ke7 14. Bb5 Na5 15. Rhc1 a6 16. Bd3 Bd7 17. Rc5 b5 18. a4 Rhb8 19. Ke3 Nb7 20. Rc7 Kd8 21. Rbc1 Rc8 22. Rxc8+ Rxc8 23. Rb1 Nd6 24. Ne5 Be8 25. d5 f6 26. Nc6+ Bxc6 27. dxc6 Rxc6 28. axb5 axb5 29. Bxb5 1/2-1/2

[Event "Paderborn op 09th"]
[Site "Paderborn"]
[Date "2012.12.28"]
[Round "4"]
[White "Borovikov, Vladislav"]
[Black "Gazic, Josip"]
[Result "1/2-1/2"]
[WhiteElo "2565"]
[BlackElo "2294"]
[PlyCount "57"]
[EventDate "2012.12.27"]
[EventType "swiss"]
[EventRounds "7"]
[EventCountry "GER"]
[SourceTitle "CBM 152 Extra"]
[Source "ChessBase"]
[SourceDate "2013.02.25"]
[SourceVersion "1"]
[SourceVersionDate "2013.02.25"]
[SourceQuality "1"]

1. d4 Nf6 2. Nf3 d6 3. c4 Nbd7 4. Nc3 e5 5. Bg5 Be7 6. e3 h6 7. Bh4 0-0 8. Qc2 exd4 9. Nxd4 Ne5 10. Be2 Re8 11. h3 Bd7 12. 0-0-0 a6 13. f4 Nc6 14. Nf5 Nb4 15. Qb1 g6 16. Nxe7+ Qxe7 17. Bxf6 Qxe3+ 18. Rd2 Bf5 19. Qa1 Nc2 20. Qb1 Nb4 21. Bd4 Bd7 22. Bf6 Bf5 23. Bd4 Qxf4 24. Rf1 Qxf1+ 25. Bxf1 Bxb1 26. Kxb1 Re1+ 27. Rd1 Rae8 28. Bf2 Rxd1+ 29. Nxd1 1/2-1/2

[Event "Oberliga NRW 1213"]
[Site "Germany"]
[Date "2012.10.21"]
[Round "2.4"]
[White "Malykin, Vitaly"]
[Black "Gazic, Josip"]
[Result "1-0"]
[WhiteElo "2340"]
[BlackElo "2232"]
[PlyCount "53"]
[EventDate "2012.09.16"]
[EventType "team-tourn"]
[EventRounds "9"]
[EventCountry "GER"]
[SourceTitle "EXT 2017"]
[Source "ChessBase"]
[SourceDate "2016.10.25"]
[SourceVersion "1"]
[SourceVersionDate "2016.10.25"]
[SourceQuality "1"]
[WhiteTeam "Koeln Porz II"]
[BlackTeam "Duesseldorf"]
[WhiteTeamCountry "GER"]
[BlackTeamCountry "GER"]

1. Nf3 Nf6 2. c4 c5 3. Nc3 Nc6 4. e3 e6 5. d4 cxd4 6. exd4 d5 7. Bf4 Bb4 8. Bd3 dxc4 9. Bxc4 Ne4 10. Qd3 Qa5 11. 0-0 Bxc3 12. Qxe4 Bxb2 13. Rab1 Ba3 14. d5 Nd8 15. Bb5+ Kf8 16. Bd2 Qb6 17. Bb4+ Bxb4 18. Qxb4+ Kg8 19. Qe7 g6 20. Be8 Qa5 21. Ne5 Kg7 22. Bxf7 exd5 23. Be6+ Kh6 24. Ng4+ Kh5 25. g3 g5 26. Qg7 Nxe6 27. Nf6# 1-0

[Event "Oberliga NRW 1213"]
[Site "Germany"]
[Date "2012.09.16"]
[Round "1.6"]
[White "Gazic, Josip"]
[Black "Krueger, Andre"]
[Result "1-0"]
[WhiteElo "2232"]
[BlackElo "2106"]
[PlyCount "117"]
[EventDate "2012.09.16"]
[EventType "team-tourn"]
[EventRounds "9"]
[EventCountry "GER"]
[SourceTitle "EXT 2017"]
[Source "ChessBase"]
[SourceDate "2016.10.25"]
[SourceVersion "1"]
[SourceVersionDate "2016.10.25"]
[SourceQuality "1"]
[WhiteTeam "Duesseldorf"]
[BlackTeam "Muelheim Nord II"]
[WhiteTeamCountry "GER"]
[BlackTeamCountry "GER"]

1. e4 c6 2. d4 d5 3. exd5 cxd5 4. Bd3 Nc6 5. Nf3 Nf6 6. c3 g6 7. Ne5 Bg7 8. Nd2 Nxe5 9. dxe5 Nd7 10. f4 Nc5 11. Bb5+ Bd7 12. Qe2 0-0 13. Nb3 Nxb3 14. axb3 d4 15. Bc4 Bf5 16. cxd4 Qxd4 17. Be3 Qe4 18. 0-0 a6 19. Ra4 Qc2 20. Qxc2 Bxc2 21. Rc1 Bf5 22. Bd5 Rfd8 23. Rd4 Rd7 24. Rcc4 Rxd5 25. Rxd5 Be6 26. Rdc5 Bxc4 27. bxc4 f6 28. e6 f5 29. b3 Bf6 30. Rc7 Rb8 31. Bb6 Kf8 32. g3 Rd8 33. Rd7 Rc8 34. c5 Rc6 35. b4 Bc3 36. Ba5 Rxe6 37. Rxb7 Ke8 38. Rc7 Kf7 39. Rc8 Re4 40. Rb8 Rc4 41. Kf2 Bd4+ 42. Ke2 Bxc5 43. bxc5 Rxc5 44. Bd2 Rc6 45. Rb7 Re6+ 46. Be3 Rc6 47. Kd3 Rd6+ 48. Bd4 Rc6 49. Bc3 Rd6+ 50. Kc4 Re6 51. Bb4 Re2 52. Kd5 Ke8 53. Bc3 Kf7 54. Rb2 Re6 55. Be5 a5 56. Rb8 Ra6 57. Rh8 h5 58. Rh7+ Ke8 59. Kc5 1-0

[Event "Lippe Cup-A 08th"]
[Site "Lieme"]
[Date "2011.10.28"]
[Round "1"]
[White "Bentel, Robin"]
[Black "Gazic, Josip"]
[Result "0-1"]
[WhiteElo "1971"]
[BlackElo "2276"]
[PlyCount "44"]
[EventDate "2011.10.28"]
[EventType "swiss"]
[EventRounds "5"]
[EventCountry "GER"]
[SourceTitle "EXT 2012"]
[Source "ChessBase"]
[SourceDate "2011.11.24"]
[SourceVersion "1"]
[SourceVersionDate "2011.11.24"]
[SourceQuality "1"]

1. d4 Nf6 2. c4 c5 3. d5 g6 4. Nc3 Bg7 5. e4 0-0 6. e5 Ne8 7. Nf3 d6 8. Bf4 Bg4 9. exd6 Nxd6 10. Bxd6 exd6 11. Be2 Bxf3 12. Bxf3 Re8+ 13. Kf1 Bxc3 14. bxc3 Qa5 15. Qb3 Nd7 16. g3 Nb6 17. Re1 Rxe1+ 18. Kxe1 Qa6 19. Be2 Re8 20. Qb5 Qxb5 21. cxb5 Nxd5 22. Kd2 Nxc3 0-1